| 000 | 00560cam a2200229ua 4500 | ||
|---|---|---|---|
| 001 | 23560 | ||
| 008 | 190710n2016 II |||gr||||Z||||||eng | ||
| 040 | _aMAIN | ||
| 041 | _aEnglish | ||
| 041 | _aeng | ||
| 082 | _a515.9 BRO | ||
| 100 | _aBROWN, JAMES WARD. | ||
| 245 | _aCOMPLEX VARIABLES AND APPLICATIONS | ||
| 250 | _a7TH REP. | ||
| 260 |
_aNEW DELHI _bMCGREW HILL _c2016 |
||
| 300 |
_a468.: _c20CM. |
||
| 500 | _aRUSA | ||
| 653 | _aComplex Variables | ||
| 700 |
_aBROWN, JAMES WARD., _eAUTHOR. |
||
| 700 |
_aCHURCHIL, R.V., _eAUTHOR. |
||
| 942 | _cBK | ||
| 999 |
_c23420 _d23420 |
||